[Event "EU-ch 5th"]
[Site "Antalya"]
[Date "2004.05.24"]
[Round "9"]
[White "Neubauer, Martin"]
[Black "Petrosian, Tigran L"]
[Result "0-1"]
[WhiteElo "2418"]
[BlackElo "2539"]
[Annotator "Huzman,A"]
[PlyCount "66"]
[EventDate "2004.05.15"]
[EventType "swiss"]
[EventRounds "13"]
[EventCountry "TUR"]
[SourceTitle "CBM 101"]
[Source "ChessBase"]
[SourceDate "2004.07.27"]
[SourceVersion "1"]
[SourceVersionDate "2004.07.27"]
[SourceQuality "1"]

1. e4 e5 2. Nf3 Nf6 3. d4 Nxe4 4. Bd3 d5 5. Nxe5 Nd7 6. Nxd7 Bxd7 7. O-O Bd6 8.
c4 c6 9. cxd5 cxd5 10. Nc3 Nxc3 11. bxc3 O-O 12. Qh5 f5 13. Re1 Qc7 14. Bd2 Kh8
(14... Rae8 15. g3 $1 $146 (15. Bc2 g6 16. Qf3 Re4 $1 17. g3 Bb5 18. Bf4 Bxf4
19. gxf4 Qd6 (19... Kg7 20. Bxe4 fxe4 21. Qg3 Rxf4 22. Rab1 Bc6 23. f3 h5 24.
Re3 Qf7 25. Rf1 Qf5 26. h3 g5 27. Rf2 h4 28. Qg2 b5 $13 {0-1 Melnikov,
D-Kosintseva,N/St Petersburg RUS 2003/(59)}) 20. Bxe4 fxe4 21. Qg3 Rxf4 22.
Rab1 Bd7 23. f3 b6 $44 {0-1 Svidler,P-Ponomariov,R/Moscow 2001/CBM 86/[Ftacnik]
(44)}) 15... g6 16. Qf3 Re4 17. Rec1 $1 {[%cal Gc3c4]} b5 18. a4 a6 19. Bh6 Rc8
20. Bxe4 dxe4 21. Qe3 $1 {[%cal Gh6f4]} Qc4 22. axb5 Bxb5 23. Bf4 $16 {1/2-1/2
Ponomariov,R-Morozevich,A/Moscow 2002/CBM 91/[Huzman] (39)}) (14... Rf7 15. h3
b5 16. Qf3 Qc6 17. a4 bxa4 18. c4 dxc4 19. Qxc6 Bxc6 20. Bxc4 Kf8 21. Bxf7 Kxf7
22. Rec1 Bd7 23. Rcb1 Bc6 24. Bb4 $16 {1/2-1/2 Campos,E-Olape,B/Abuja NGR 2003/
(58)}) 15. g3 Rf6 16. Re2 Raf8 17. Rae1 Rg6 18. Qf3 Rg4 $6 {Black is about to
implement one of this variation's main ideas- an exchange sac on "e4". On the
other hand, the "d" [] now proves vulnerable.} (18... Bc6 $142 19. Re6 $14) 19.
Kf1 $2 (19. Qxd5 Bc6 (19... f4 20. h3 $18) (19... h6 $5 20. Qc4 (20. Re7 $1 f4
21. Rf7 $1 $16) 20... Bc6 21. h3) 20. Qxf5 $1 Rxf5 21. Bxf5 Qf7 22. Bxg4 h5 23.
Be6 Qf3 24. d5 Bxd5 25. Bxd5 Qxd5 26. h4 $16) 19... Re4 $1 (19... f4 $5 20. Re8
$1 Bxe8 21. Qxg4 fxg3 22. hxg3 Qf7 $132) 20. Rc1 {[%cal Gc3c4]} (20. Bxe4 $2
fxe4 21. Qe3 Bb5 $17) 20... b5 $15 21. Ree1 Qc8 22. Bf4 $2 {White knows what
this variation is all about but in this position main ideas doesn't work.
Black has an obvious over-compensation for the exchange} Bxf4 23. gxf4 Qc7 $1
24. Qg3 h6 25. Bxe4 fxe4 26. a4 $2 (26. Re3 $142 Rxf4 (26... Qc4+ 27. Kg1 Qxa2
28. f3 Bf5 29. Qf2 Qc4 $15) 27. Ke1 Bg4 $15) 26... Rxf4 27. axb5 $4 (27. Re3
$142 bxa4 28. Ke1 Bb5 $17) 27... Qc4+ 28. Re2 Rf3 $19 (28... Rg4 $5 29. Qb8+
Kh7 {[%cal Yd7b5,Yb5f1]} 30. Rb1 Qd3 $19) 29. Qb8+ Kh7 30. Qxa7 (30. Rce1 Rf6
31. Qg3 Bxb5 $19) 30... e3 $1 (30... Bxb5 31. Rce1 Qxc3 $19) 31. Qxd7 Rxf2+ 32.
Kg1 Qxe2 33. Qg4 (33. Qh3 Qd2 34. Ra1 e2 $19) 33... Qxg4+ 0-1

[Event "Bermuda"]
[Site "Bermuda"]
[Date "2005.02.09"]
[Round "10"]
[White "Dominguez Perez, Leinier"]
[Black "Gelfand, Boris"]
[Result "1/2-1/2"]
[WhiteElo "2661"]
[BlackElo "2696"]
[Annotator "Huzman,A"]
[PlyCount "61"]
[EventDate "2005.01.30"]
[EventType "tourn"]
[EventRounds "10"]
[EventCountry "BER"]
[EventCategory "17"]
[SourceTitle "CBM 106"]
[Source "ChessBase"]
[SourceDate "2005.06.06"]
[SourceVersion "1"]
[SourceVersionDate "2005.06.06"]
[SourceQuality "1"]

1. e4 e5 2. Nf3 Nf6 3. d4 Nxe4 4. Bd3 d5 5. Nxe5 Nd7 6. Nxd7 Bxd7 7. O-O Bd6 8.
Nc3 Nxc3 9. bxc3 O-O 10. Qh5 f5 11. Re1 c6 (11... Qf6 $5 12. Qf3 $1 (12. Bg5
Qf7 13. Qxf7+ Kxf7 14. c4 dxc4 (14... h6 15. Bd2 dxc4 16. Bxc4+ Kg6 17. Rab1 b6
$11 {1/2-1/2 Hansson,S-Gorshkova,I/Szeged 1994/TD (35)}) 15. Bxc4+ Kg6 16. Be7
Rfe8 17. Bxd6 cxd6 18. Bd5 Rac8 $11 {0-1 Garcia,G-Krush,I/Montreal CAN 2004/
(30)}) 12... c6 (12... Kh8 13. Rb1 b6 14. Bf4 Rae8 15. Rxe8 Bxe8 16. Re1 Bh5
17. Qg3 Re8 18. Rxe8+ Bxe8 19. Bxd6 cxd6 20. Qf3 g6 $1 21. Qxd5 Qe7 $16 {
1-0 Pavlovic,M-Mikhalchishin,A/Lenk 1999/EXT 2000 (36)}) 13. Bf4 Ba3 $5 $146 (
13... Rae8 14. Qg3 Bxf4 15. Qxf4 Qf7 16. g3 g6 17. h4 Rxe1+ 18. Rxe1 Re8 $14 {
1/2-1/2 Kveinys,A-Giertz,N/Marbach 1994/EXT 97 (32)}) 14. Rab1 b5 15. Be5 Qf7
16. Qf4 $14 {1-0 Palac,M-Atalik,S/Bled 2002/CBM 92/[Atalik] (28)}) 12. Bg5 Qc7
13. c4 (13. Be7 Rfe8 14. Bxf5 Bxh2+ 15. Qxh2 Qxh2+ 16. Kxh2 Bxf5 $15 {1/2-1/2
Balogh,C-Yusupov,A/Bastia FRA 2004/CT-1454 (59)}) 13... Be8 (13... Bb4 $5 14.
Re2 (14. Re3 Bc3 15. Rd1 Bxd4 16. Rh3 (16. Re7 Bc5) 16... h6 17. Bxh6 gxh6 18.
Qg6+ Bg7 19. Rxh6 Rf7) 14... Bc3 15. Rd1 Bxd4 16. cxd5 cxd5 17. Qf3 Qa5 18. c4
$44) 14. Qh4 (14. Qh3 dxc4 15. Bxc4+ Bf7 16. Be6 $1 g6 (16... Bxe6 17. Rxe6
Rae8 18. Rae1 Rxe6 19. Rxe6 c5 $132 20. d5 c4) 17. Re2 Rfe8 (17... Bxe6 18.
Rxe6 Rae8 19. Rae1 (19. Qb3 Rxe6 20. Qxe6+ Kg7 $11) 19... Rxe6 20. Rxe6 Qb6 21.
Qb3 Qxb3 22. axb3 Bb4 $11) 18. Rae1 Bf8 $2 (18... Bxe6 19. Rxe6 Rxe6 20. Rxe6
Qb6 21. Qb3 Qxb3 22. axb3 Bf8 $11) 19. Qb3 $1 $16 {1-0 Dominguez,L-Tkachiev,V/
Tripoli 2004/CBM 102/[Huzman] (34)}) 14... dxc4 15. Bxc4+ Bf7 16. Bd3 (16. Be6
Bxe6 17. Rxe6 Rae8 18. Rae1 Rxe6 19. Rxe6 Qd7 20. Re1 f4 $17) (16. Bxf7+ Rxf7 (
16... Qxf7 17. Be7 $16) 17. Re6 Qd7 18. Rae1 Bb4 $1 19. R1e2 Bc3 20. Bf6 c5 $1
21. Re7 $140 Rxe7 22. Rxe7 Re8 $19) 16... Bg6 (16... Qa5 17. Bf4 Bxf4 18. Qxf4
$36) 17. Re6 (17. Be7 Rfe8 18. Bxd6 Qxd6 19. c3 c5 $11) 17... Rae8 18. Rae1 (
18. Rxg6 hxg6 19. Bc4+ Rf7 $11) 18... Qa5 $1 $132 19. R1e3 (19. f3 Rxe6 (19...
Qc3 20. Bxf5 Rxe6 21. Bxe6+ Kh8 22. Bb3 $14) 20. Rxe6 Qd5 21. Rxd6 Qxd6 22. Be7
Qc7 23. Bxf8 Kxf8 $11) 19... Rxe6 20. Rxe6 Qd5 (20... Bf7 21. Rxd6 Qe1+ 22. Bf1
Bc4 23. h3 Qxf1+ 24. Kh2 Bxa2 25. Rd7 $40) 21. Rxd6 Qxd6 22. Be7 Qc7 23. Bxf8
Kxf8 24. Qg5 Qd6 25. h4 h6 26. Qe3 f4 $11 27. Qh3 Bxd3 28. Qc8+ Ke7 29. Qxb7+
Qd7 30. Qb4+ (30. Qxd7+ $2 Kxd7 31. cxd3 Ke6 32. Kf1 Kd5 33. Ke2 Kxd4 $17)
30... Qd6 31. Qb7+ 1/2-1/2

[Event "Sarajevo Bosnia 34th"]
[Site "Sarajevo"]
[Date "2004.05.24"]
[Round "6"]
[White "Shirov, Alexei"]
[Black "Bologan, Viktor"]
[Result "1-0"]
[WhiteElo "2713"]
[BlackElo "2665"]
[Annotator "Huzman,A"]
[PlyCount "93"]
[EventDate "2004.05.18"]
[EventType "tourn"]
[EventRounds "9"]
[EventCountry "BIH"]
[EventCategory "15"]
[SourceTitle "CBM 101"]
[Source "ChessBase"]
[SourceDate "2004.07.27"]
[SourceVersion "1"]
[SourceVersionDate "2004.07.27"]
[SourceQuality "1"]

1. e4 e5 2. Nf3 Nf6 3. d4 Nxe4 4. Bd3 d5 5. Nxe5 Nd7 6. Nxd7 Bxd7 7. O-O Bd6 8.
Nc3 Nxc3 9. bxc3 Be6 (9... O-O 10. Qh5 f5 11. Rb1 (11. Re1 Qf6 12. Qf3 $1 {
[%cal Gc1f4]} c6 13. Bf4 Ba3 $5 $146 14. Rab1 (14. Bf1 $5) 14... b5 15. Be5 Qf7
16. Qf4 $14 {1-0 Palac,M-Atalik,S/Bled 2002/CBM 92/[Atalik] (28)}) 11... b6 12.
Re1 (12. Qf3 $5 c6 13. Bf4 Qc7 14. Bxd6 Qxd6 15. Rfe1 Rae8 $11 {Shirov-Kramnik,
Belgrade 1997}) (12. c4 dxc4 13. Bxc4+ Kh8 14. Bg5 Qe8 15. Qh4 Qg6 16. Bd3 Rae8
17. c4 h6 18. Be3 Qf7 19. Bf4 Qf6 20. Qxf6 Rxf6 21. Bd2 {Palac,M-Fridman,D/
EU-chTM 1997/EXP 57/1/2-1/2 (59)}) 12... Qf6 (12... c6 13. Bg5 Qc7 14. c4 Be8
15. Qh3 dxc4 16. Bxc4+ Bf7 17. Be6 Bxe6 18. Rxe6 Rae8 $11 {1/2-1/2 Shirov,
A-Kramnik,V/Cazorla 1998/CBM 65/[Lukacs] (23)}) 13. Qf3 c6 $1 $146 (13... Kh8
14. Bf4 Rae8 15. Rxe8 Bxe8 16. Re1 Bh5 17. Qg3 Re8 18. Rxe8+ Bxe8 19. Bxd6 cxd6
20. Qf3 g6 $1 21. Qxd5 Qe7 $44 {Pavlovic,M-Mikhalchishin,A/Lenk 76/(301) 1999/
[Mikhalchishin,A] (21)}) 14. Bf4 b5 $1 $13 {1/2-1/2 Shirov,A-Anand,V/Groningen
1997/CBM 63/[Shirov] (58)}) (9... Qh4 $5 10. Re1+ Be6 11. g3 Qh3 12. Bf1 Qf5
13. Rb1 O-O-O 14. Qe2 c6 15. Rxb7 Kxb7 16. Qa6+ Kb8 17. Ba3 Qxc2 18. Bd3 Bc8
19. Bxd6+ Rxd6 20. Qa3 Qxd3 21. Qxd6+ Ka8 22. Qxc6+ Kb8 23. Qd6+ Ka8 24. Qc6+
Kb8 {1/2-1/2 Pavlovic,M-Pavasovic,D/Topola SCG 2004/(24)}) 10. Rb1 Rb8 11. Qh5
$1 $146 {An important improvement in Shirov's favourite variation: White's
pieces keep the K in the centre while his "f" pawn is about to take care of
the "e6" defender} (11. f4 f5 12. Re1 Kf7 13. Bd2 Qf6 14. Qh5+ g6 15. Qh6 Bf8
16. Qh3 Bd6 $11 {0-1 Kovalevskaya,E-Zhu Chen/Shenyang 2000/CBM 79 (50)}) 11...
c6 12. Bg5 $1 (12. Re1 $5 Kd7 13. Bg5 Qf8 (13... Qc7 14. Bf5 $36) 14. Qf3 h6
15. Bf4 Bxf4 16. Qxf4 Qd6 17. Qf3 Kc7 $14) 12... Be7 (12... Qc7 13. f4 h6 14.
f5 $1 $18) (12... Qd7 13. f4 g6 14. Qh6 Bf8 15. Qh4 Be7 16. f5 gxf5 17. Rbe1
$40) 13. Bxe7 Qxe7 14. f4 $40 Qf6 15. Rbe1 Kd8 (15... Kf8 16. g4 (16. Re5 $5
$16) 16... g6 17. Qh6+ Qg7 18. Qxg7+ (18. Qh4 $1 $40) 18... Kxg7 19. f5 Bc8 20.
Re7 $16) 16. g4 $1 {[%mdl 36] /\17.f5,18.g5 +-} g6 17. Qh6 Kc7 (17... Bxg4 18.
f5 Kd7 19. Rf4 $1 (19. fxg6 hxg6 20. Rxf6 Rxh6 21. Rxf7+ Kd6 22. Rf6+ Kd7 23.
Re5 $16) (19. Re5 $5 Rbf8 $1 (19... Bh5 20. fxg6 hxg6 21. Qe3 $18) 20. Rf4 Bh5
21. fxg6 hxg6 22. Qxf8 Qxf4 23. Qxh8 Qg4+ 24. Kf2 Qf3+ 25. Ke1 Qd1+ $11) 19...
Bh5 20. fxg6 hxg6 21. Rxf6 Rxh6 22. Rxf7+ Kd6 23. Ree7 $16) 18. f5 Bd7 19. fxg6
{White's initiative has seen him all the way through to a winning endgame.} Qd6
(19... hxg6 20. Rxf6 Rxh6 21. Rxf7 Rh4 22. h3 Rxh3 23. Ree7 Rd8 24. Bxg6 $16)
20. Rxf7 $16 hxg6 21. Qf4 Qxf4 22. Rxf4 Rh4 23. Re7 $1 Kd6 24. Rg7 Rxg4+ 25.
Rxg4 Bxg4 26. Rxg6+ Be6 27. h4 Ke7 28. Kf2 Bf7 29. Rg5 b6 30. Kg3 c5 31. h5 Rh8
32. Kh4 Kf6 33. Bg6 Bxg6 (33... Be6 34. Rg2 $18 {[%cal Gg2f2]}) 34. Rxg6+ Kf5
35. Rg5+ Ke4 (35... Ke6 36. Re5+ Kd6 37. Kg5 $18) 36. Re5+ $18 Kf4 37. Rxd5
cxd4 38. Rxd4+ $1 {[%mdl 4096]} (38. cxd4 Rc8 $132) 38... Kf5 39. Rd7 Rc8 40.
Rf7+ Ke6 41. Rf3 Rh8 42. c4 Rh7 43. Rf8 Ke5 44. Rc8 Kd4 45. Rc6 Rg7 46. h6 Rg2
47. Kh5 1-0

[Event "Bermuda"]
[Site "Bermuda"]
[Date "2005.01.31"]
[Round "2"]
[White "Dominguez Perez, Leinier"]
[Black "Macieja, Bartlomiej"]
[Result "1/2-1/2"]
[WhiteElo "2661"]
[BlackElo "2618"]
[Annotator "Huzman,A"]
[PlyCount "60"]
[EventDate "2005.01.30"]
[EventType "tourn"]
[EventRounds "10"]
[EventCountry "BER"]
[EventCategory "17"]
[SourceTitle "CBM 106"]
[Source "ChessBase"]
[SourceDate "2005.06.06"]
[SourceVersion "1"]
[SourceVersionDate "2005.06.06"]
[SourceQuality "1"]

1. e4 e5 2. Nf3 Nf6 3. d4 Nxe4 4. Bd3 d5 5. Nxe5 Nd7 6. Nxd7 Bxd7 7. O-O Bd6 8.
Qh5 Nf6 9. Re1+ (9. Qh4 $5 $146 Be6 (9... Ne4 10. Qxd8+ Rxd8 (10... Kxd8 $5)
11. f3 (11. Re1 O-O) (11. c4 O-O 12. f3 Nf6 13. c5 Be7 14. Bf4 c6 15. Nc3 Nh5
16. Be3 g6 {1/2-1/2 Smirin,I-Dreev,A/Biel 2002/CBM 91 (16)}) 11... Nf6 12. Bg5
(12. Re1+ Be6 13. Bg5 $14 {_|_}) 12... c6 13. Nc3 Kf8 14. Rae1 h6 15. Bxf6 gxf6
16. Nd1 $14) 10. Nc3 Be7 $1 11. Re1 Qd7 12. Bf4 (12. Qg3 {Huzman} O-O-O $11)
12... a6 $1 $11 {1/2-1/2 Tiviakov,S-Leko,P/Wijk aan Zee 2001/CBM 81/[Tiviakov]
(18)}) 9... Be7 (9... Kf8 10. Qe2 (10. Qh4 Ng4 11. Qxd8+ Rxd8 12. h3 (12. f3
Bxh2+ 13. Kf1 Nf6 $17 {0-1 Aseev,K-Sakaev,K/St Petersburg 1999/EXT 2000 (31)})
12... Nf6 13. Nd2 (13. Nc3 c6 14. Ne2 (14. Be3 Nh5 15. Na4 Nf4 16. Bxf4 Bxf4
17. Nc5 Bc8 $11 {1/2-1/2 Mary,P-Blom,E/Chessfriend.com 2003/Telechess CBM 99 
(28)}) 14... Re8 15. Bf4 Bxf4 16. Nxf4 Rxe1+ 17. Rxe1 g6 $11 {1/2-1/2 Motylev,
A-Nikcevic,N/Niksic 2000/EXT 2001 (24)}) (13. Bg5 Re8 (13... h6 14. Bxf6 gxf6
15. Nc3 (15. Nd2 Rg8 16. Kf1 Kg7 17. Re2 f5 18. Rae1 Kf6 19. Nf3 $14 {1/2-1/2
Starace,U-Cottegnie,F/IECG 2003/Telechess CBM 99 (51)}) 15... c6 16. Re3 Re8
17. Rf3 Kg7 18. Ne2 h5 19. Ng3 h4 20. Nf1 Rh5 21. Ne3 c5 $132 {1/2-1/2 Ibarra
Jerez,J-Perez Garcia,R/Lorca 2003/EXT 2004 (41)}) (13... Be7 14. Nd2 Be6 15. c3
Ng8 16. Bxe7+ Nxe7 17. Re2 Bd7 18. Rae1 $16 {0-1 Papp,G-Boros,D/Balatonlelle
2003/EXT 2004 (68)}) 14. Nc3 c6 15. Bxf6 gxf6 16. Rxe8+ Kxe8 17. Re1+ Kd8 18.
Re3 h5 19. Rf3 Ke7 $11 {1/2-1/2 Ibarra Jerez,J-Egin,V/Calvia ESP 2004/(60)})
13... g6 14. Nf3 Kg7 (14... h6 15. Ne5 Bc8 16. Bf4 Kg7 17. Re2 Rde8 18. Rae1
Re7 $11 {1/2-1/2 Starace,U-Bujdak,P/Chessfriend.com 2004/Telechess CBM 101 (23)
}) 15. Ne5 Bc8 16. Bg5 (16. c3 Rhe8 17. Bg5 h6 18. Bh4 g5 19. Bg3 Nd7 20. Nxd7
{1/2-1/2 Amann,K-Free,G/IECG 2002/Telechess CBM 99 (20)}) 16... h6 17. Bf4 g5
18. Bh2 Rhe8 19. Re2 Ng8 20. Rae1 f6 21. Nf3 {1/2-1/2 Movsesian,S-Akopian,V/
Las Vegas 1999/CBM 72 (21)}) 10... c6 11. Nd2 Qc7 12. Nf3 Bg4 13. Qe3 Bxf3 14.
Qxf3 Bxh2+ 15. Kf1 (15. Kh1 $142) 15... Bd6 16. Bg5 Qd8 17. Re3 $2 (17. Bxf6
$11) 17... Ne4 $1 $17 {0-1 Sutovsky,E-David,A/Istanbul 2003/CBM 96/[Huzman] 
(31)}) 10. Qe2 (10. Qf3 O-O 11. h3 Bb4 12. Bd2 Bxd2 13. Nxd2 Re8 14. Qf4 Bc6
15. Rxe8+ {1/2-1/2 Bielczyk,J-Schulte,O/Bielsko Biala 1988/EXT 97 (15)}) 10...
Bg4 $1 {This precise move destroys the interaction of the White pieces.} (10...
Be6 11. Nd2 O-O 12. Nf3 (12. Nb3 b6 13. Bf4 Bd6 14. Bxd6 Qxd6 15. Qe5 Qxe5 16.
dxe5 Ne8 17. f4 g6 18. c3 c5 $11 {1/2-1/2 The World-Yin Hao/gamers.com INT
2000/EXT 2002 (44)}) 12... Bd6 (12... Re8 13. Ne5 Nd7 14. f4 Bd6 15. Bd2 f5 16.
h3 Nf6 17. Qf3 Ne4 18. Re2 Qf6 $11 {1-0 Bofill,A-Diaz,A/Zamora 1988 (46)}) 13.
Bg5 h6 14. Bh4 c6 15. Ne5 Re8 16. Qf3 Be7 17. c3 $36 {1-0 Wilczek,T-Mary,P/
Chessfriend.com 2003/Telechess CBM 101 (44)}) 11. Qe3 (11. f3 Be6 12. f4 g6 13.
Nd2 O-O 14. Nf3 (14. f5 gxf5 15. Nf3 Ne4 $11) 14... Re8 15. Ne5 Qc8 $1 $11 {
[%cal Ye6f5]}) (11. Qe5 Be6 12. Nd2 O-O 13. Nf3 Bd6 $11) 11... Be6 12. Nd2 (12.
Qg3 O-O 13. Bg5 (13. Bf4 Rc8 $11) (13. Bh6 Nh5 14. Qf3 Bg5 15. Bxg5 Qxg5 16.
Nc3 Nf4 17. Re5 Qh6 $11) 13... Qd6 14. Qxd6 Bxd6 15. Bxf6 gxf6 16. Nd2 Rfe8 $11
) 12... O-O 13. Nf3 Re8 14. Ne5 Qc8 $1 {[%cal Ye6f5]} 15. Qf3 Bg4 $1 16. Qf4 (
16. Nxg4 Qxg4 17. Qxg4 Nxg4 18. Bf4 c6 $14) 16... Bd6 17. Bd2 Bh5 $11 18. Qh4
Bg6 19. Nxg6 hxg6 20. Bg5 Nh7 21. Bf4 Bxf4 22. Qxf4 Qd7 23. Re5 Rxe5 24. dxe5
Nf8 25. h4 Ne6 26. Qg4 Nc5 (26... c5 27. c3 c4 28. Bc2 d4 29. cxd4 Rd8 30. Rd1
Nxd4 31. Qxd7 Rxd7 32. Kf1 b5 33. f4 $14) 27. Qxd7 Nxd7 28. f4 Nc5 29. Rd1 Kf8
30. c3 Nxd3 1/2-1/2

[Event "FIDE-Wch k.o."]
[Site "Moscow"]
[Date "2001.11.27"]
[Round "1.1"]
[White "Rublevsky, Sergei"]
[Black "Nguyen, Anh Dung"]
[Result "1/2-1/2"]
[WhiteElo "2634"]
[BlackElo "2533"]
[Annotator "Huzman,A"]
[PlyCount "81"]
[EventDate "2001.11.27"]
[EventType "k.o."]
[EventRounds "7"]
[EventCountry "RUS"]
[SourceTitle "CBM 086"]
[Source "ChessBase"]
[SourceDate "2002.02.05"]
[SourceVersion "1"]
[SourceVersionDate "2002.02.05"]
[SourceQuality "1"]

1. e4 e5 2. Nf3 Nf6 3. d4 Nxe4 4. Bd3 d5 5. Nxe5 Nd7 6. Nxd7 Bxd7 7. O-O Qh4 8.
c4 O-O-O 9. Nc3 Nxc3 10. bxc3 dxc4 11. Bxc4 Bd6 12. f4 (12. g3 Qh3 13. Re1 h5
14. Bf1 Qf5 15. Bg2 h4 16. Qb3 c6 17. Rb1 b5 18. d5 hxg3 19. fxg3 Rxh2 $19 {
0-1 Toth,A-Jamrich,G/Budapest 1995/EXT 97 (25)}) 12... f6 (12... Qf6 13. Qb3
Be6 14. Rb1 Bxc4 15. Qxc4 Rhe8 16. Qb5 b6 17. a4 Kb7 18. a5 c6 19. Qb2 b5 20.
c4 a6 21. d5 Qxb2 22. Bxb2 cxd5 23. cxb5 axb5 24. Bxg7 Ka6 $17 {0-1 Jandovsky,
V-Nemec,J/CZE-chT 2C corr 1999/Corr 2000 (28)}) (12... g5 13. g3 Qh3 14. Bd5
Qf5 15. c4 g4 16. Bg2 Rhe8 17. Qb3 Bc6 18. Bxc6 bxc6 19. Be3 Kd7 20. d5 Rb8 21.
dxc6+ Kc8 22. Qc3 Bc5 23. Bxc5 Qxc5+ 24. Rf2 Rb6 25. Qg7 Rxc6 26. Qxf7 $16 {
1-0 Maiorov,O-Raetsky,A/Krasnodar 1995/CBM 47 ext (33)}) 13. Bd5 $146 (13. Rb1
Bf5 14. Rb5 Bd7 15. Rb2 Ba3 {1/2-1/2 Strautins,U-Grodzensky,S/Lascurain mem-A
corr 1994/Corr 2000 (15)}) 13... c6 14. g3 Qg4 15. Bf3 Qe6 (15... Qg6 16. f5 $5
(16. Qb3 Bf5) 16... Qxf5 (16... Qf7 17. Qa4 Kb8 18. Bg2 $14) 17. Bxc6 Qa5 18.
Bg2 Qxc3 $140 19. Bh6 $16) 16. Qa4 (16. f5 Qc4 17. Qb3 Qxb3 18. axb3 a6 $11)
16... a6 17. Rb1 h5 {[%cal Yh5h4]} 18. Bd2 ({More energetic was} 18. c4 $5 Qf7
(18... h4 19. g4 f5 20. g5 $16) (18... Qf5 19. Qb3 b5 20. a4 $40) 19. Rb2 h4
20. g4 $16) 18... Qf5 19. Rb2 (19. Qb3 Qb5 $11) 19... Rde8 20. c4 (20. Rfb1 Qd3
21. Qd1 b5 22. a4 h4 $132) 20... Qd3 21. c5 Bh3 $8 (21... Bc7 22. Qb4 Kd8 (
22... Qb5 23. Qc3 Qa4 24. Bd1 $18) 23. Rb3 Qc2 24. Rc1 Qxa2 25. Qc3 Bf5 26. Ra1
Qc2 27. Qxc2 Bxc2 28. Rxb7 $18) 22. Rf2 Bc7 23. Qb4 (23. Rb3 $5 Qc2 24. Qb4 Kd8
(24... Kd7 25. Be3 (25. Qxb7 $140 Qc1+ $19) 25... a5 26. Qe1 $16) 25. Be3 a5
26. Qe1 Qg6 27. Rxb7 h4 28. Re2 hxg3 29. Qxg3 Qd3 $132) ({Not enough was} 23.
d5 cxd5 24. Qb4 Kd7 25. Rb3 Qc4 $11 26. Qxb7 $4 Qc1+ $19) 23... Qb5 24. Qc3 (
24. d5 $5 Qxb4 25. Rxb4 $36) 24... Qa4 25. a3 {[%cal Gb2b4]} a5 26. Rb1 Bg4 27.
Qb2 (27. d5 Bxf3 28. Qxf3 cxd5 29. Qxd5 Qe4 $11) 27... Bxf3 28. Rxf3 Re2 29. d5
(29. Re3 Rxe3 30. Bxe3 Kd7 (30... Qc4 $5 31. Qxb7+ Kd7 32. Rb6 Qd5 $44 {
[%cal Yh5h3]}) 31. Qa2 $1 Re8 32. Bf2 $14 {[%csl Ra4]}) 29... b5 (29... Qb5 30.
Qc2 $1 (30. Qxb5 cxb5 31. Rd3 h4 32. g4 h3 33. d6 $16) 30... Qa6 31. d6 $16)
30. cxb6 Bd6 31. Qc3 c5 32. Qd3 Rhe8 33. Qa6+ ({Much easier was} 33. b7+ Kd7
34. Re3 $18) 33... Kd8 34. b7 (34. Bxa5 Re1+ (34... Qd4+ 35. Kf1 Qxd5 36. b7+
Kd7 37. Qb5+ $18) (34... Qc2 35. b7+ Ke7 36. Qxe2+ Qxe2 37. Re1 $18) 35. Rxe1
Rxe1+ 36. Kf2 Rb1 37. Qa8+ Kd7 38. Qa7+ Kc8 39. Re3 Rb2+ 40. Kf1 {with chances
to win.}) 34... Kd7 35. Rd3 $2 (35. Bxa5 Re1+ $1 36. Rxe1 Rxe1+ 37. Kf2 Rb1 38.
Qd3 Qd4+ 39. Kg2 Qxd3 40. Rxd3 Rxb7 $44) 35... Qe4 $11 36. b8=N+ $8 Rxb8 37.
Rb7+ Rxb7 38. Qxb7+ Ke8 39. Qc8+ Ke7 40. Qb7+ Ke8 41. Qc8+ 1/2-1/2

[Event "Najdorf Memorial 12th"]
[Site "Buenos Aires"]
[Date "2001.09.09"]
[Round "6"]
[White "Xie, Jun"]
[Black "Karpov, Anatoly"]
[Result "1/2-1/2"]
[WhiteElo "2553"]
[BlackElo "2692"]
[Annotator "Huzman,A"]
[PlyCount "83"]
[EventDate "2001.09.04"]
[EventType "tourn"]
[EventRounds "9"]
[EventCountry "ARG"]
[EventCategory "14"]
[SourceTitle "CBM 085"]
[Source "ChessBase"]
[SourceDate "2001.11.13"]
[SourceVersion "1"]
[SourceVersionDate "2001.11.13"]
[SourceQuality "1"]

1. e4 e5 2. Nf3 Nf6 3. d4 Nxe4 4. Bd3 d5 5. Nxe5 Nd7 6. Nxd7 Bxd7 7. O-O Bd6 8.
Qh5 c6 9. Re1 O-O 10. Bxe4 dxe4 11. Rxe4 Re8 (11... g6 12. Qh6 Re8 13. Rxe8+
Qxe8 14. Be3 Qe4 15. c4 Bf8 16. Qf4 Qxf4 17. Bxf4 Be6 18. Nd2 Bg7 19. Be3 Rd8
20. Rd1 Bxd4 $15 {0-1 Manakova,M-Sudakova,I/Warsaw POL 2001/ (65)}) 12. Rxe8+ (
12. Nc3 Qb6 13. h3 (13. g3 g6 14. Qf3 Bf5 15. Rxe8+ Rxe8 16. Qd1 Bh3 $17) 13...
Bc7 {/\14...Qd4} (13... Qxd4 14. Be3 Qf6 15. Rd1 $16) (13... g6 14. Qe2 f5 15.
Qc4+ Kg7 16. Re2 Rxe2 17. Nxe2 Re8 $44) 14. Qd1 Bf5 15. Rxe8+ Rxe8 $44) 12...
Qxe8 13. Be3 Qe4 14. Qd1 (14. Qe2 Re8 15. Nc3 Qg6 $44 {[%cal Yd7h3]}) 14... Bg4
15. Qc1 (15. Qd2 Re8 16. Nc3 Qg6 $44) (15. Nd2 $5 Qg6 (15... Qe6 16. Qf1) 16.
f3 Bf5 17. c3 Re8 18. Nf1 $14) 15... Bf5 16. c4 Qh4 17. g3 Qh5 $44 {[%mdl 36]}
18. Nd2 Bb4 19. Qd1 Bg4 20. Qb3 Bxd2 21. Bxd2 b5 $1 {[%mdl 32]} 22. cxb5 Be6
23. Qd1 Qxb5 $11 24. Bc3 Qf5 25. Qe2 h5 26. Qe5 Qg6 27. Re1 Bd5 (27... Bxa2 28.
Qe4 $11) 28. Qf4 f6 29. a4 Re8 30. Rxe8+ Qxe8 31. Qe3 Qg6 32. f3 Qf5 33. Kf2
Kh7 34. a5 Qh3 35. Qd3+ Kg8 36. Kg1 Kf7 37. Be1 Qe6 38. Bb4 Kg8 39. Bd2 Kf7 40.
Bb4 Qh3 41. Qe2 Qf5 42. Kf2 1/2-1/2